The Quality Determining the General Value of Businesses Through Discounted Cash Flow Method

Príspevok má za cieľ odhadnúť kvalitu stanovenia všeobecnej hodnoty vybraného podniku a určiť najvhodnejší model metódou diskontovaných peňažných tokov. Všeobecná hodnota podniku je znaleckým odhadom najpravdepodobnejšej ceny hodnoteného majetku v deň ocenenia v danom mieste a čase. Kvalita stanoven...

Descrizione completa

Salvato in:
Dettagli Bibliografici
Autore principale: Kudlová, Zuzana, 1986-
Altri autori: Ivaničková, Mariana, 1977-
Natura: Capitolo di libro
Lingua:inglese
Soggetti:
Tags: Aggiungi Tag
Nessun Tag, puoi essere il primo ad aggiungerne!!

MARC

LEADER 00000naa a2200000 4500
001 0296519
005 20251216085714.8
041 0 |a eng 
044 |a SK 
245 1 0 |a The Quality Determining the General Value of Businesses Through Discounted Cash Flow Method  |c Zuzana Kudlová, Mariana Ivaničková 
520 |a Príspevok má za cieľ odhadnúť kvalitu stanovenia všeobecnej hodnoty vybraného podniku a určiť najvhodnejší model metódou diskontovaných peňažných tokov. Všeobecná hodnota podniku je znaleckým odhadom najpravdepodobnejšej ceny hodnoteného majetku v deň ocenenia v danom mieste a čase. Kvalita stanovenia všeobecnej hodnoty podniku v podstate súvisí s hodnotením skutočného stavu v podniku, ktorý zahŕňa získavanie a používanie finančných prostriedkov, plynulosť finančných tokov, investovanie do iných činností, schopnosť splácať cudzie zdroje, plánovanie a aktuálny stav podniku. V príspevku sme sa zamerali na kvalitu stanovenia všeobecnej hodnoty podniku s dôrazom na výnosový potenciál. Ocenenie majetku vybranej spoločnosti sme realizovali v dvojfázovom procese, ktorý pozostával z výpočtu voľných peňažných tokov, priemerných vážených nákladov kapitálu a výpočtu hodnoty spoločnosti na základe parametrického a Gordonovho vzorca . Pri určovaní všeobecnej hodnoty podniku je nevyhnutné zvážiť aj to, či finančné výsledky podniku závisia od ekonomických odchýlok a je potrebné sledovať kapitálový trh, vývoj úrokových sadzieb z úverov poskytovaných bankami, resp. vývoj úrokových sadzieb štátnych dlhopisov. 
610 2 0 |a kapitál 
610 2 0 |a hodnota podniku 
610 2 0 |a podnik 
610 2 0 |a podnikanie 
610 2 0 |a kvalita 
100 1 |a Kudlová, Zuzana, 1986- 
700 1 |a Ivaničková, Mariana, 1977-